00786cam a22002057a 4500003000500000005001700005008004100022010001000063011001000073035001000083040000900093100004100102245016500143260006200308300002800370502009000398650003500488650002500523650003200548CHAP20220329142416.0001130d2000 mx a r 00110 spa d a83063 a84035 a94554 cCHAP00aLuna Flores, Magdalena de la Luz de.13aLa empresa social en la subregión de Marques de Comillas, Selva Lacandona, Chiapas :buna alternativa de desarrollo?c/por Magdalena de la Luz de Luna Flores. aSan Cristóbal de las Casas, Chiapas :bEl autor,c2000. a119 h. :bcuads.; ilus. aTesis (M.C. en Desarrollo Rural Regional) -- UACH. Dirección de Centros Regionales.14aChiapasxCondiciones sociales.14aEmpresas campesinas.14aPolítica socialzChiapas.